Bana göre İslam dini (Record no. 1048)

MARC details
000 -BAŞLIK
Sabit Uzunlukta Kontrol Alanı 00690na a2200265 4500
001 - KONTROL NUMARASI
Denetim Alanı 12708
003 - KONTROL NUMARASI IDENTIFIER
Denetim Alanı MIRAKIL
005 - SON İŞLEM TARİHİ VE ZAMANI
Denetim Alanı 20181213154810.0
008 - SABİT-BOY VERİ ELEMANLARI - GENEL BİLGİLER
Sabit Uzunlukta Kontrol Alanı 160922b tu 000 0
020 ## - ULUSLARARASI STANDART KİTAP NUMARASI
Uluslararası Standart Kitap Numarası 9789944500685
035 ## - SİSTEM KONTROL NUMARASI
Sistem Kontrol Numarası 12708
040 ## - KATALOGLAMA KAYNAK
Orijinal Kataloglama Ajansı Milas
Kataloglama Dili tur
Metne Dönüştürmek Ajansı TR-AnCHP
082 ## - DEWEY ONLU SINIFLANDIRMA NUMARASI
Sınıflandırma Numarası 297.5
Ürün Numarası Y91b 2010
090 ## - SINIFLAMA NUMARASI
Sınıflama Numarası 297.5 Y91b 2010
100 ## - ANA GİRİŞ - KİŞİSEL İSİM
Kişisel Ad Yücel, Ali
245 ## - BAŞLIK TABLOSU
Başlık Bana göre İslam dini
Başlığın Kalan Fıtratın sesi
Sorumluluk Tablosu, Vb Ali Yücel
246 ## - UNVAN FORM VARYING
Başlık Doğru / Kısa Başlığı Fıtratın sesi
250 ## - EDITION TABLOSU
Baskı Beyanı 2. bs.
260 ## - YAYIN, DAĞITIM, VB
Yayın, Dağıtım, Vb Yeri Ankara
Yayıncı, Dağıtıcı, Vs Adı Belen Yayıncılık
Yayın, Dağıtım, Vb Tarihi 2010
300 ## - FİZİKSEL TANIM
Kapsam 536 s.
Boyutlar 20 sm.
650 ## - KONU KATMA GİRİŞ - TOPİKAL DÖNEM
Topikal Süreli Veya Coğrafi Ad Giriş Elemanı Dini Vicdan
650 ## - KONU KATMA GİRİŞ - TOPİKAL DÖNEM
Topikal Süreli Veya Coğrafi Ad Giriş Elemanı Fıtrat
Kronolojik Alt Bölümü Yorum ve eleştiri
650 ## - KONU KATMA GİRİŞ - TOPİKAL DÖNEM
Topikal Süreli Veya Coğrafi Ad Giriş Elemanı İslam
Genel Alt Bölümü Eleştiri
942 ## - EKLENDİ GİRİŞ ELEMANLARI (KOHA)
Sınıflandırma Veya Raf Düzeni Kaynak Dewey Decimal Classification
Koha Öğesi Türü Books
999 ## - SİSTEM KONTROL NUMARALARI (KOHA)
Koha Biblionumber 1048
Koha Biblioitemnumber 1048
Holdings
Kalıcı Konum Mevcut Konum Edinme Tarihi Edinim Kaynak Toplam Check-Out'Lar Tam Çağrı Numarası Barkod Tarih Son Görülme İtibaren Geçerli Fiyatlar Koha Öğesi Türü
CHP Kütüphanesi CHP Kütüphanesi 08/01/2016 Bağış   297.5 Y91b 2010 000423 08/01/2016 08/01/2016 Books